Učiť sa riadiť myšlienky a skúsenosti hospodárskeho pracovníka

Gespeichert in:
Bibliographische Detailangaben
1. Verfasser: Paramonov, I.V
Format: Buch
Sprache:Slowakisch
Veröffentlicht: Bratislava Pravda 1986
Tags: Tag hinzufügen
Keine Tags, Fügen Sie das erste Tag hinzu!

MARC

LEADER 00000nam a2200000 4500
001 c103460
005 20250523074638.8
041 0 |a slo 
044 |a SK 
245 1 0 |a Učiť sa riadiť  |b myšlienky a skúsenosti hospodárskeho pracovníka  |c I.V. Paramonov 
264 1 |a Bratislava  |b Pravda  |c 1986 
300 |a 220 s. 
100 1 |a Paramonov, I.V.